|
|
|
|
| LEADER |
01717nam a2200397 a 4500 |
| 001 |
000484879 |
| 003 |
CZ BrMZK |
| 005 |
20090703140557.0 |
| 007 |
ta |
| 008 |
010907s2000 xr f cze d |
| 015 |
|
|
|a cnb000971550
|
| 020 |
|
|
|a 80-238-5334-1
|
| 035 |
|
|
|a (OCoLC)45371411
|
| 040 |
|
|
|a BOA001
|b cze
|
| 041 |
1 |
|
|a cze
|a slo
|
| 072 |
|
7 |
|a 631
|x Zemědělství. Pedologie. Agrotechnika. Agroekologie
|2 Konspekt
|9 24
|
| 080 |
|
|
|a 631.51
|2 MRF
|
| 080 |
|
|
|a 633
|2 MRF
|
| 080 |
|
|
|a (062.534)
|2 MRF
|
| 111 |
2 |
|
|a Využití různých systémů zpracování půdy při pěstování rostlin
|d (2000 :
|c Praha, Česko)
|
| 245 |
1 |
0 |
|a Využití různých systémů zpracování půdy při pěstování rostlin :
|b sborník referátů z česko-slovenské konference : Výzkumný ústav rostlinné výroby v Praze, 7.-8.6.2000 /
|c [editoři: Helena Kusá, Pavel Růžek]
|
| 246 |
3 |
3 |
|a Utilization of various soil treatment systems for crop production
|
| 246 |
3 |
|
|a Sborník referátů česko-slovenské konference
|
| 250 |
|
|
|a Vyd. 1.
|
| 260 |
|
|
|a Praha :
|b Výzkumný ústav rostlinné výroby,
|c 2000
|
| 300 |
|
|
|a 157 s. :
|b barev. il. ;
|c 30 cm
|
| 500 |
|
|
|a Náz. a anot. též angl. - Text též slov. - Bibliogr.
|
| 650 |
0 |
7 |
|a obdělávání půdy
|7 ph184836
|2 czenas
|
| 650 |
0 |
7 |
|a rostlinná výroba
|7 ph116065
|2 czenas
|
| 655 |
|
7 |
|a sborníky konferencí
|7 fd133333
|2 czenas
|
| 700 |
1 |
|
|a Kusá, Helena
|7 jn20001103318
|4 edt
|4 aut
|
| 700 |
1 |
|
|a Růžek, Pavel
|7 jn20001103319
|4 edt
|4 aut
|
| 710 |
2 |
|
|a Výzkumný ústav rostlinné výroby
|7 kn20010724965
|
| 910 |
|
|
|a BOA001
|b 4-1074.411
|
| 990 |
|
|
|a BK
|
| 996 |
6 |
|
|b 2610117321
|c 4-1074.411
|l MZK
|r Sklad / do 1 hodiny
|n 3
|p p.v.
|w 000484879
|u 000010
|a 1
|e BOA001
|j MZK50
|s P
|